[Event "Recife PE22"]
[Site "Recife"]
[Date "2023.04.09"]
[Round "9"]
[White "Araujo, Henrique Jose Morai"]
[Black "Pereira, Sergio Murilo de A"]
[Result "1/2-1/2"]
[WhiteElo "2015"]
[BlackElo "2094"]
[PlyCount "21"]
[EventDate "2023.04.05"]
[EventType "tourn"]
[EventRounds "9"]
[EventCountry "BRA"]
[SourceTitle "CBM 213 Extra"]
[Source "ChessBase"]
[SourceDate "2023.05.31"]
[SourceVersion "1"]
[SourceVersionDate "2023.05.31"]
[SourceQuality "1"]

1. e4 g6 2. d4 d6 3. Nf3 Nf6 4. Nc3 Bg7 5. Bc4 0-0 6. 0-0 c6 7. Bb3 a5 8. a4 Qc7 9. h3 d5 10. exd5 cxd5 11. Qe2 1/2-1/2

[Event "Recife PE22"]
[Site "Recife"]
[Date "2023.04.06"]
[Round "2"]
[White "Pereira, Sergio Murilo de A"]
[Black "Da Silva, Erick Feitosa"]
[Result "0-1"]
[WhiteElo "2094"]
[BlackElo "2024"]
[PlyCount "50"]
[EventDate "2023.04.05"]
[EventType "tourn"]
[EventRounds "9"]
[EventCountry "BRA"]
[SourceTitle "CBM 213 Extra"]
[Source "ChessBase"]
[SourceDate "2023.05.31"]
[SourceVersion "1"]
[SourceVersionDate "2023.05.31"]
[SourceQuality "1"]

1. d4 d5 2. c4 e6 3. Nf3 Nf6 4. Nc3 Be7 5. Bg5 0-0 6. e3 h6 7. Bh4 b6 8. cxd5 Nxd5 9. Nxd5 Bxh4 10. Nxh4 Qxd5 11. Be2 Qg5 12. g3 Bb7 13. 0-0 Nd7 14. Bf3 Bxf3 15. Qxf3 c5 16. Qb7 Rfd8 17. Nf3 Qh5 18. Kg2 Rab8 19. Qxa7 Qd5 20. Qc7 g5 21. h3 Rbc8 22. e4 Qxe4 23. Qd6 Qb7 24. Qe7 Re8 25. Qd6 Rc6 0-1

[Event "Pernambuco-ch 2020"]
[Site "Recife"]
[Date "2021.08.22"]
[Round "5.4"]
[White "Pereira, Sergio Murilo de A"]
[Black "Barioni, Daniel Rossiter"]
[Result "1/2-1/2"]
[WhiteElo "2120"]
[BlackElo "1829"]
[PlyCount "71"]
[EventDate "2021.08.20"]
[EventType "swiss"]
[EventRounds "6"]
[EventCountry "BRA"]
[SourceTitle "EXT 2023"]
[Source "ChessBase"]
[SourceDate "2022.10.05"]
[SourceVersion "1"]
[SourceVersionDate "2022.10.05"]
[SourceQuality "1"]

1. d4 d5 2. c4 e6 3. Nc3 Nf6 4. Nf3 Be7 5. Bg5 0-0 6. e3 a6 7. cxd5 exd5 8. Qc2 Be6 9. Bd3 h6 10. Bh4 Nbd7 11. 0-0 c5 12. dxc5 Nxc5 13. Bf5 Qb6 14. Nd4 Rac8 15. Qe2 Rfd8 16. Rfd1 Qb4 17. a3 Qb6 18. b4 Nce4 19. Nxe4 dxe4 20. Nxe6 fxe6 21. Qa2 Rc6 22. Rac1 Rcd6 23. Rxd6 Rxd6 24. h3 Kf7 25. Bxf6 gxf6 26. Bxe4 Qd8 27. Qe2 f5 28. Bxb7 Rd2 29. Qh5+ Kg7 30. Bxa6 Rxf2 31. Rd1 Rd2 32. Rxd2 Qxd2 33. Qf3 Qc1+ 34. Bf1 Qxa3 35. e4 Qxf3 36. gxf3 1/2-1/2

[Event "Pernambuco-ch 2020"]
[Site "Recife"]
[Date "2021.08.21"]
[Round "4.3"]
[White "Silva Junior, Marcelo Valeriano"]
[Black "Pereira, Sergio Murilo de A"]
[Result "1/2-1/2"]
[WhiteElo "1851"]
[BlackElo "2120"]
[PlyCount "59"]
[EventDate "2021.08.20"]
[EventType "swiss"]
[EventRounds "6"]
[EventCountry "BRA"]
[SourceTitle "EXT 2023"]
[Source "ChessBase"]
[SourceDate "2022.10.05"]
[SourceVersion "1"]
[SourceVersionDate "2022.10.05"]
[SourceQuality "1"]

1. Nf3 Nf6 2. d4 d5 3. Bf4 c5 4. e3 Nc6 5. Bb5 Qb6 6. Bxc6+ bxc6 7. dxc5 Qxb2 8. Be5 Qb4+ 9. c3 Qxc5 10. 0-0 e6 11. Nbd2 Be7 12. Qa4 Qb5 13. Qf4 0-0 14. c4 Qa4 15. Rfc1 Ba3 16. Bxf6 gxf6 17. Qxf6 Bxc1 18. Rxc1 Qa3 19. Re1 Re8 20. Qg5+ Kh8 21. Qe5+ Kg8 22. e4 Bb7 23. Qg5+ Kf8 24. e5 Qd3 25. Nh4 Rac8 26. Ndf3 d4 27. Qh6+ Ke7 28. Qf6+ Kd7 29. Ng5 Re7 30. Nhf3 1/2-1/2